000 00747nam a2200229 i 4500
001 38946
003 ES-MaACL
005 20230906155844.0
007 t|
008 030226s1978 sp ||||1| spa d
100 1 _aCambier, Jean.
_934028
245 1 0 _aManual de neurología /
_cpor Jean Cambier, M. Masson, H. Dehen ; prólogo Luis Barraquer Bordás ; versión Isidro Sancho Villa.
250 _a2ª ed. rev.
260 _aBarcelona :
_bToray :
_bMasson,
_c[1978]
300 _aXII, 562 p. :
_bil. ;
_c21 cm.
650 4 _aNeurología.
_9136593
700 1 _aMasson, M.
_978845
700 1 _aBarraquer Bordas, L.
_925855
700 1 _aSancho Villa, Isidro.
_9103057
700 1 _aDehen, H.
_943241
852 _aES-MaACL
_jA-10773
_bR.100060
999 _c38946
_d38946